| 000 | 01347cam a22003854i 4500 | ||
|---|---|---|---|
| 003 | PE-LiUPU | ||
| 005 | 20250731183414.0 | ||
| 008 | 150623s r 000 0 d | ||
| 020 | _a9652081388 | ||
| 035 | _a(Sirsi) i9789652081384 | ||
| 040 |
_aPE-LiUPU _bspa _cPE-LiUPU _erda |
||
| 049 | _aPRUA | ||
| 082 | 0 | 4 |
_a737.6 _bA92 _221 |
| 100 | 1 |
_aAvigad, Nahman, _eautor. |
|
| 245 | 1 | 0 |
_aCorpus of west semitic stamp seals / _cNahman Avigad. |
| 264 | 1 |
_aJerusalem : _bThe Hebrew University, _c1997. |
|
| 300 |
_a640 páginas : _bilustraciones, fotos, gráficos ; _c26 centímetros |
||
| 336 |
_atext _2rdacontent |
||
| 337 |
_aunmediated _2rdamedia |
||
| 338 |
_avolume _2rdacarrier |
||
| 504 | _aIncluye bibliografía. | ||
| 505 | 0 | _aThe seals. -The names. | |
| 526 | _aP158 | ||
| 526 | _aP146 | ||
| 526 | _aP17 | ||
| 526 | _aP12 | ||
| 526 | _aP06 | ||
| 650 | 0 | 4 |
_aSellos (Numismática) _zCercano Oriente _vCatálogos. |
| 942 |
_2ddc _cBOOK |
||
| 949 |
_a737.6 A92 _wDEWEY _c1 _i49653 _lCCODEBUL1 _mBUL _r0 _sY _tBOOK _u2015-6-24 _xTEOLOGIA _PP35 _0COMPRA _o.STAFF. Colección General |
||
| 994 |
_aC0 _bPEPRU |
||
| 596 | _a1 | ||
| 999 |
_a737.6 A92 _wDEWEY _c32488 _i49653 _f2021-11-11 _g5 _lCCODEBUL1 _mBUL _r0 _sY _tBOOK _u2015-6-24 _xTEOLOGIA _PP35 _0COMPRA _o.STAFF. Colección General _d32488 |
||
| 980 |
_81 _gALBERTO SANCHEZ Responsable de Automatización |
||